[Event "Madrid San Viator op-B 29th"]
[Site "Madrid"]
[Date "2017.10.29"]
[Round "6"]
[White "Periotto Miori, Fabrizio Lautaro"]
[Black "Garcia Martin, Javier"]
[Result "1-0"]
[WhiteElo "1492"]
[BlackElo "1532"]
[PlyCount "95"]
[EventDate "2017.09.17"]
[EventType "swiss"]
[EventRounds "9"]
[EventCountry "ESP"]
[SourceTitle "EXT 2019"]
[Source "ChessBase"]
[SourceDate "2018.10.10"]
[SourceVersion "1"]
[SourceVersionDate "2018.10.10"]
[SourceQuality "1"]

1. e4 e6 2. d4 d5 3. e5 c5 4. c3 Nc6 5. Nf3 Qb6 6. a3 c4 7. Be2 Na5 8. Nbd2 Bd7 9. 0-0 Ne7 10. Nh4 0-0-0 11. Nhf3 h6 12. Rb1 Qc7 13. Qc2 f6 14. b4 cxb3 15. Nxb3 Ba4 16. Nfd2 fxe5 17. Bg4 Bd7 18. Nxa5 Qxa5 19. c4 Qc7 20. dxe5 dxc4 21. Nxc4 Nc6 22. Qb2 Bc5 23. Nd6+ Bxd6 24. exd6 Qb8 25. Be3 b6 26. Be2 Rdg8 27. Rfd1 e5 28. Rbc1 Kd8 29. Bb5 Qb7 30. Bxc6 Bxc6 31. Qc3 Kd7 32. Qxe5 Kd8 33. Qc3 Kd7 34. f3 Rh7 35. Qc4 Rf8 36. Qg4+ Kd8 37. Qg6 Rhh8 38. Bf2 Rf6 39. Bh4 Kc8 40. Bxf6 gxf6 41. d7+ Kb8 42. d8Q+ Rxd8 43. Rxd8+ Kc7 44. Qxf6 b5 45. Qd6+ Kb6 46. Rb8 Qxb8 47. Qxb8+ Ka5 48. Qxa7# 1-0